000 05275cam a22012134i 4500
003 PE-LiUPU
005 20250813185555.0
008 150706s r 000 0 d
020 _a9789682473968
035 _a(Sirsi) i9789682473968
040 _aPE-LiUPU
_bspa
_cPE-LiUPU
_erda
049 _aPRUA
082 0 4 _a372.41
_bK12
_221
100 1 _aKabalen, Donna Marie,
_eautor.
245 1 0 _aLectura, análisis crítico y desarrollo de ensayos /
_cDonna Marie Kabalen y Margarita A. de Sánchez.
264 1 _aMéxico :
_bTrillas,
_c2006.
300 _a231 páginas :
_bilustraciones ;
_c27 centímetros
336 _atext
_2rdacontent
337 _aunmediated
_2rdamedia
338 _avolume
_2rdacarrier
505 0 _aLectura y análisis crítico de primer nivel: el significado explícito del texto -- Revisión del proceso de comprensión de lectura e introducción de una estrategia para el análisis crítico de un texto -- Lectura y análisis del significado explícito del texto: la observación -- Lectura y análisis del significado explícito del texto: comparación y relación -- Lectura y análisis del significado explícito del texto: la clasificación simple -- Lectura y análisis del significado explícito del texto: descripción del cambio -- Lectura y análisis del significado explícito del texto: ordenamiento y transformación -- Lectura y análisis del significado explícito del texto: la clasificación jerárquica -- Lectura y análisis del significado explícito del texto: análisis y síntesis -- Lectura y análisis del significado explícito del texto: evaluación -- Aplicación de la lectura y análisis del significado explícito del texto en la elaboración de ensayos -- Lectura y análisis crítico de segundo nivel: el significado de la inferencia -- Lectura y análisis crítico: la decodificación -- Lectura y análisis inferencial e interpretativo: la inferencia -- La decodificación y la inferencia: ejercicios de aplicación -- Lectura y análisis inferencial e interpretativo: razonamiento inductivo y deductivo -- Lectura y análisis inferencial e interpretativo: análisis de algunas falacias de razonamiento -- Lectura y análisis inferencial e interpretativo: adquisición de conocimiento -- Lectura y análisis inferencial e interpretativo: discernimiento -- Lectura y análisis inferencial e interpretativo: identificación e interpretación del tema de un texto -- Aplicación del análisis inferencial e interpretativo en la elaboración de ensayos -- Lectura y análisis crítico de tercer nivel: el significado de la analogía -- Lectura analógica e interpretativa: aplicación al análisis de textos -- Aplicación del pensamiento analógico con extensión a otros contextos -- Lectura y análisis analógico e interpretativo: ejercicios de consolidación -- Aplicación del análisis analógico e interpretativo en la elaboración de ensayos -- Conclusiones del curso y evaluación de logros.
526 _aP202
526 _aP201
526 _aP163
526 _aP162
526 _aP161
526 _aP160
526 _aP148
526 _aP147
526 _aP146
526 _aP145
526 _aP144
526 _aP143
526 _aP142
526 _aP141
526 _aP140
526 _aP139
526 _aP138
526 _aP137
526 _aP136
526 _aP135
526 _aP134
526 _aP133
526 _aP129
526 _aP128
526 _aP127
526 _aP120
526 _aP119
526 _aP118
526 _aP116
526 _aP115
526 _aP114
526 _aP110
526 _aP109
526 _aP108
526 _aP104
526 _aP103
526 _aP102
526 _aP99
526 _aP98
526 _aP97
526 _aP96
526 _aP95
526 _aP93
526 _aP90
526 _aP89
526 _aP88
526 _aP83
526 _aP82
526 _aP62
526 _aP59
526 _aP58
526 _aP57
526 _aP51
526 _aP49
526 _aP48
526 _aP47
526 _aP29
526 _aP24
526 _aP20
526 _aP19
526 _aP17
526 _aP15
526 _aP14
526 _aP12
526 _aP10
526 _aP09
526 _aP08
526 _aP07
526 _aP06
526 _aP05
526 _aP04
526 _aP01
650 0 4 _aLectura de comprensión
_vProblemas, ejercicios, etc.
650 0 4 _aPensamiento crítico
_vProblemas, ejercicios, etc.
700 1 _aSánchez, Margarita A. de,
_eautor.
910 _bjv
_clch
_d20100526
942 _2ddc
_cBOOK
949 _aPGE 372.41 K12
_wDEWEY
_c1
_i61741
_d2016-9-7
_e2016-9-7
_lCCODEBUL1
_mBUL
_n1
_r0
_sY
_tBOOK
_u2015-7-6
_xEDUCACION
_PP57
_0COMPRA
_o.CIRCNOTE. No olvidar cambiar la fecha de devolución!!!!!!!
_o.STAFF. Colección General
994 _aC0
_bPEPRU
596 _a1
999 _aPGE 372.41 K12
_wDEWEY
_c50897
_i61741
_d50897
_e2019-4-9
_f2021-11-8
_g5
_lCCODEBUL1
_mBUL
_n2
_q1
_r0
_sY
_tBOOK
_u2015-7-6
_xEDUCACION
_PP57
_0COMPRA
_o.CIRCNOTE. No olvidar cambiar la fecha de devolución!!!!!!!
_o.STAFF. Colección General
980 _81
_gALBERTO SANCHEZ Responsable de Automatización